| 000 | 01162cam a2200337 i 4500 | ||
|---|---|---|---|
| 999 |
_c200435053 _d53265 |
||
| 003 | TR-AnTOB | ||
| 005 | 20200303105129.0 | ||
| 008 | 181218s2018 tu a j tur | ||
| 020 | _a9786053121909 | ||
| 040 |
_aTR-AnTOB _beng _erda _cTR-AnTOB |
||
| 041 | 1 |
_atur _heng |
|
| 050 | _aPZ7.G1156 | ||
| 090 |
_aJUN PZ7.G1156 _bG319 2018 |
||
| 100 | 1 |
_aGabriel, Nat _eauthor _9123778 |
|
| 240 | 1 | 0 | _aMath matters: Sam's sneaker squares |
| 245 | 1 | 0 |
_aMatematik her yerde : _bAli'nin ayak kareleri / _cNat Gabriel ; resimleyen: Ron Fritz ; çeviri: Tuba Rabia Öngün. |
| 250 | _a1. basım: Ekim, 2018 | ||
| 264 | 1 |
_aAnkara : _bTÜBİTAK, _c2018. |
|
| 300 |
_a32 pages : _bcolours illustrations ; _c23 cm |
||
| 336 |
_2rdacontent _atext _btxt |
||
| 337 |
_2rdamedia _aunmediated _bn |
||
| 338 |
_2rdacarrier _avolume _bnc |
||
| 490 | 0 |
_aTÜBİTAK popüler bilim kitapları: _v989 |
|
| 500 | _a7 yaş +. | ||
| 650 | 7 |
_aAlan ölçümü _2etuturkob _9123781 |
|
| 650 | 7 |
_aMatematik _vÇocuk edebiyatı _9117465 |
|
| 700 | 1 |
_aÖngün, Tuba Rabia _etranslator _9123727 |
|
| 700 | 1 |
_aFritz, Ron _eillustrator _9123779 |
|
| 942 |
_2lcc _cBK |
||